Normal view
MARC view
- Daley, Jason
Entry Personal Name
001 - CONTROL NUMBER
- control field: 19722
003 - CONTROL NUMBER IDENTIFIER
- control field: OSt
005 - DATE AND TIME OF LATEST TRANSACTION
- control field: 20170331135816.0
008 - FIXED-LENGTH DATA ELEMENTS
- fixed length control field: 170331|| aca||aabn | a|a d
040 ## - CATALOGING SOURCE
- Original cataloging agency: OSt
100 ## - HEADING--PERSONAL NAME
- Personal name: Daley, Jason
